[Event "World Youth & Cadets Rapid Championships"]
[Site "Rhodes, Greece"]
[Date "2022.05.02"]
[Round "7.7"]
[White "Tarhan, Adar"]
[Black "Andreev, Konstantin"]
[Result "0-1"]
[TimeControl "10'/game & 5\"/move"]
[WhiteElo "1580"]
[BlackElo "1928"]

1. d4 {[%clk 00:10:05]} {[%emt 00:00:04]} Nf6 {[%clk 00:10:08]} {[%emt
00:00:03]} 2. Bg5 {[%clk 00:10:09]} e6 {[%clk 00:10:11]} {[%emt 00:00:02]} 3.
e4 {[%clk 00:10:06]} {[%emt 00:00:08]} h6 {[%clk 00:10:15]} {[%emt 00:00:02]} 4.
Bxf6 {[%clk 00:10:09]} {[%emt 00:00:02]} Qxf6 {[%clk 00:10:18]} {[%emt
00:00:01]} 5. Nf3 {[%clk 00:10:12]} {[%emt 00:00:03]} g6 {[%clk 00:10:21]}
{[%emt 00:00:01]} 6. Nbd2 {[%clk 00:10:05]} {[%emt 00:00:12]} Bg7 {[%clk
00:10:24]} {[%emt 00:00:02]} 7. Bd3 {[%clk 00:10:05]} {[%emt 00:00:05]} d6
{[%clk 00:10:27]} {[%emt 00:00:02]} 8. c3 {[%clk 00:10:05]} {[%emt 00:00:06]}
O-O {[%clk 00:10:29]} {[%emt 00:00:03]} 9. Qe2 {[%clk 00:09:46]} {[%emt
00:00:23]} b6 {[%clk 00:10:29]} {[%emt 00:00:06]} 10. e5 {[%clk 00:09:43]}
{[%emt 00:00:08]} Qd8 {[%clk 00:10:20]} {[%emt 00:00:13]} 11. Be4 {[%clk
00:09:43]} {[%emt 00:00:05]} Ba6 {[%clk 00:10:18]} {[%emt 00:00:08]} 12. Qe3
{[%clk 00:09:36]} {[%emt 00:00:12]} d5 {[%clk 00:09:53]} {[%emt 00:00:29]} 13.
Bd3 {[%clk 00:09:39]} {[%emt 00:00:02]} Bxd3 {[%clk 00:09:51]} {[%emt
00:00:08]} 14. Qxd3 {[%clk 00:09:42]} c5 {[%clk 00:09:54]} {[%emt 00:00:02]} 15.
O-O {[%clk 00:09:24]} {[%emt 00:00:23]} Nc6 {[%clk 00:09:46]} {[%emt 00:00:13]}
16. Qb5 {[%clk 00:08:42]} {[%emt 00:00:47]} Qc7 {[%clk 00:08:52]} {[%emt
00:00:59]} 17. Rfe1 {[%clk 00:08:21]} {[%emt 00:00:27]} a6 {[%emt 00:00:13]} 18.
Qd3 {[%clk 00:08:02]} {[%emt 00:00:16]} cxd4 {[%clk 00:08:35]} {[%emt
00:00:22]} 19. cxd4 {[%clk 00:08:05]} {[%emt 00:00:01]} Rfc8 {[%clk 00:07:32]}
{[%emt 00:01:08]} 20. a3 {[%clk 00:07:32]} {[%emt 00:00:39]} Na5 {[%clk
00:07:21]} {[%emt 00:00:14]} 21. Rac1 {[%clk 00:07:34]} {[%emt 00:00:02]} Qxc1
{[%clk 00:06:51]} {[%emt 00:00:37]} 22. Rxc1 {[%clk 00:07:39]} Rxc1+ {[%clk
00:06:54]} {[%emt 00:00:03]} 23. Nf1 {[%clk 00:07:43]} Rac8 {[%clk 00:05:41]}
{[%emt 00:01:18]} 24. Qxa6 {[%clk 00:06:48]} {[%emt 00:01:00]} R8c6 {[%clk
00:05:22]} {[%emt 00:00:24]} 25. b4 {[%clk 00:06:41]} {[%emt 00:00:13]} Nb3
{[%clk 00:04:44]} {[%emt 00:00:44]} 26. b5 {[%clk 00:06:36]} {[%emt 00:00:09]}
R6c2 {[%clk 00:03:43]} {[%emt 00:01:05]} 27. Qxb6 {[%clk 00:06:39]} {[%emt
00:00:03]} Rb1 {[%clk 00:03:33]} {[%emt 00:00:14]} 28. Qd8+ {[%clk 00:06:23]}
{[%emt 00:00:21]} Bf8 {[%clk 00:03:35]} {[%emt 00:00:03]} 29. h4 {[%clk
00:06:07]} {[%emt 00:00:21]} Rcc1 {[%clk 00:03:03]} {[%emt 00:00:38]} 30. N3h2
{[%clk 00:06:03]} {[%emt 00:00:08]} Nd2 {[%clk 00:02:36]} {[%emt 00:00:33]} 31.
Ng4 {[%clk 00:06:05]} {[%emt 00:00:03]} Rxf1+ {[%clk 00:02:21]} {[%emt
00:00:20]} 32. Kh2 {[%clk 00:06:09]} Rh1+ {[%clk 00:02:12]} {[%emt 00:00:15]}
33. Kg3 {[%clk 00:06:12]} {[%emt 00:00:01]} Ne4+ {[%clk 00:01:54]} {[%emt
00:00:24]} 34. Kf4 {[%clk 00:06:16]} {[%emt 00:00:01]} g5+ {[%clk 00:01:56]}
{[%emt 00:00:02]} 35. hxg5 {[%clk 00:06:11]} {[%emt 00:00:10]} hxg5+ {[%clk
00:02:01]} {[%emt 00:00:01]} 36. Kf3 {[%clk 00:06:15]} Rb3+ {[%clk 00:01:38]}
{[%emt 00:00:27]} 37. Ke2 {[%clk 00:05:44]} {[%emt 00:00:36]} Ra1 {[%clk
00:01:34]} {[%emt 00:00:08]} 38. Ne3 {[%clk 00:04:38]} {[%emt 00:01:12]} Ra2+
{[%clk 00:01:28]} {[%emt 00:00:12]} 39. Ke1 {[%clk 00:04:40]} {[%emt 00:00:02]}
Rb1+ {[%clk 00:01:24]} {[%emt 00:00:09]} 40. Nd1 {[%clk 00:04:45]} {[%emt
00:00:01]} Rd2 {[%clk 00:01:08]} {[%emt 00:00:21]} 41. Qxg5+ {[%clk 00:04:46]}
{[%emt 00:00:04]} Nxg5 {[%clk 00:01:11]} {[%emt 00:00:01]} 42. Kxd2 {[%clk
00:04:51]} Bxa3 {[%clk 00:01:09]} {[%emt 00:00:08]} 43. Nc3 {[%clk 00:04:55]}
{[%emt 00:00:01]} Bb4 {[%clk 00:01:12]} {[%emt 00:00:02]} 44. Kc2 {[%clk
00:04:59]} Ra1 {[%clk 00:00:59]} {[%emt 00:00:18]} 45. b6 {[%clk 00:05:00]}
{[%emt 00:00:05]} Ra8 {[%clk 00:00:56]} {[%emt 00:00:08]} 46. Na4 {[%clk
00:05:00]} {[%emt 00:00:05]} Rb8 {[%clk 00:00:56]} {[%emt 00:00:04]} 47. Kb3
{[%clk 00:05:04]} {[%emt 00:00:01]} Ba5 {[%clk 00:00:59]} {[%emt 00:00:02]} 48.
b7 {[%clk 00:05:06]} {[%emt 00:00:04]} Rxb7+ {[%clk 00:01:02]} {[%emt
00:00:02]} 0-1

[Event "World Youth & Cadets Rapid Championships"]
[Site "Rhodes, Greece"]
[Date "2022.05.02"]
[Round "7.8"]
[White "Laux, Dominik"]
[Black "Herega, Nejc"]
[Result "1-0"]
[TimeControl "10'/game & 5\"/move"]
[WhiteElo "2232"]
[BlackElo "1940"]

1. d4 {[%clk 00:10:05]} {[%emt 00:00:04]} Nf6 {[%clk 00:10:06]} {[%emt
00:00:03]} 2. Bg5 {[%clk 00:10:08]} {[%emt 00:00:03]} e6 {[%clk 00:10:07]}
{[%emt 00:00:04]} 3. Nd2 {[%clk 00:10:08]} {[%emt 00:00:06]} h6 {[%clk
00:09:55]} {[%emt 00:00:16]} 4. Bh4 {[%clk 00:10:09]} {[%emt 00:00:05]} Be7
{[%clk 00:09:24]} {[%emt 00:00:36]} 5. e4 {[%clk 00:09:58]} {[%emt 00:00:15]}
d6 {[%clk 00:09:17]} {[%emt 00:00:12]} 6. Bd3 {[%clk 00:09:31]} {[%emt
00:00:32]} b6 {[%clk 00:09:09]} {[%emt 00:00:13]} 7. f4 {[%clk 00:08:21]}
{[%emt 00:01:16]} Bb7 {[%clk 00:08:42]} {[%emt 00:00:31]} 8. Ngf3 {[%clk
00:07:43]} {[%emt 00:00:44]} c5 {[%clk 00:08:00]} {[%emt 00:00:47]} 9. c3
{[%clk 00:07:18]} {[%emt 00:00:30]} Nbd7 {[%clk 00:07:50]} {[%emt 00:00:14]} 10.
O-O {[%clk 00:07:05]} {[%emt 00:00:18]} d5 {[%clk 00:06:37]} {[%emt 00:01:18]}
11. e5 {[%clk 00:06:49]} {[%emt 00:00:22]} Ne4 {[%clk 00:06:40]} {[%emt
00:00:01]} 12. Bxe7 {[%clk 00:06:46]} {[%emt 00:00:08]} Qxe7 {[%clk 00:06:41]}
{[%emt 00:00:04]} 13. Qe2 {[%clk 00:06:18]} {[%emt 00:00:32]} Nxd2 {[%clk
00:06:24]} {[%emt 00:00:23]} 14. Qxd2 {[%clk 00:06:20]} {[%emt 00:00:04]} g6
{[%clk 00:06:09]} {[%emt 00:00:19]} 15. g4 {[%clk 00:05:28]} {[%emt 00:00:57]}
h5 {[%clk 00:05:45]} {[%emt 00:00:30]} 16. h3 {[%clk 00:05:25]} {[%emt
00:00:08]} hxg4 {[%clk 00:05:23]} {[%emt 00:00:27]} 17. hxg4 {[%clk 00:05:23]}
{[%emt 00:00:06]} O-O-O {[%clk 00:04:47]} {[%emt 00:00:41]} 18. Kg2 {[%clk
00:04:16]} {[%emt 00:01:12]} f5 {[%clk 00:04:28]} {[%emt 00:00:24]} 19. Rh1
{[%clk 00:02:56]} {[%emt 00:01:26]} g5 {[%clk 00:02:48]} {[%emt 00:01:45]} 20.
gxf5 {[%clk 00:02:01]} {[%emt 00:01:00]} gxf4 {[%clk 00:02:41]} {[%emt
00:00:11]} 21. f6 {[%clk 00:02:05]} {[%emt 00:00:02]} Nxf6 {[%clk 00:02:12]}
{[%emt 00:00:33]} 22. exf6 {[%clk 00:02:08]} {[%emt 00:00:02]} Qxf6 {[%clk
00:02:16]} {[%emt 00:00:01]} 23. Kf2 {[%clk 00:01:47]} {[%emt 00:00:27]} Rhg8
{[%clk 00:01:37]} {[%emt 00:00:44]} 24. Qe2 {[%clk 00:01:22]} {[%emt 00:00:30]}
cxd4 {[%clk 00:01:05]} {[%emt 00:00:37]} 25. cxd4 {[%emt 00:00:08]} Rg3 {[%emt
00:00:12]} 26. Rac1+ {[%clk 00:01:14]} Kb8 {[%clk 00:00:56]} {[%emt 00:00:17]}
27. Qe5+ {[%clk 00:01:17]} {[%emt 00:00:01]} Qxe5 {[%clk 00:00:59]} {[%emt
00:00:02]} 28. Nxe5 {[%clk 00:01:20]} {[%emt 00:00:03]} Rdg8 {[%clk 00:01:01]}
{[%emt 00:00:03]} 29. Rhg1 {[%clk 00:00:56]} {[%emt 00:00:29]} a5 {[%clk
00:00:32]} {[%emt 00:00:34]} 30. Rxg3 {[%clk 00:00:29]} {[%emt 00:00:32]} Rxg3
{[%clk 00:00:36]} 31. Rh1 {[%clk 00:00:29]} {[%emt 00:00:05]} Rg7 {[%clk
00:00:19]} {[%emt 00:00:21]} 32. Rh6 {[%clk 00:00:25]} {[%emt 00:00:10]} Bc8
{[%clk 00:00:10]} {[%emt 00:00:14]} 33. Rf6 {[%clk 00:00:26]} {[%emt 00:00:04]}
Kc7 {[%clk 00:00:10]} {[%emt 00:00:04]} 34. Rf7+ {[%clk 00:00:24]} {[%emt
00:00:08]} Rxf7 {[%clk 00:00:14]} {[%emt 00:00:01]} 35. Nxf7 {[%clk 00:00:28]}
{[%emt 00:00:01]} Bd7 {[%clk 00:00:18]} 36. Kf3 {[%clk 00:00:27]} {[%emt
00:00:06]} b5 {[%clk 00:00:18]} {[%emt 00:00:05]} 37. Kxf4 {[%clk 00:00:28]}
{[%emt 00:00:04]} b4 {[%clk 00:00:21]} {[%emt 00:00:01]} 38. Ke4 {[%clk
00:00:32]} {[%emt 00:00:13]} 1-0

[Event "World Youth & Cadets Rapid Championships"]
[Site "Rhodes, Greece"]
[Date "2022.05.02"]
[Round "7.9"]
[White "Sapenov, Daniyal"]
[Black "Hagner, Bennet"]
[Result "1-0"]
[TimeControl "10'/game & 5\"/move"]
[WhiteElo "1848"]
[BlackElo "2186"]

1. Nf3 {[%clk 00:10:09]} d5 {[%clk 00:10:07]} {[%emt 00:00:04]} 2. c4 {[%clk
00:10:13]} {[%emt 00:00:01]} e6 {[%clk 00:10:08]} {[%emt 00:00:04]} 3. d4
{[%clk 00:10:13]} {[%emt 00:00:05]} Nf6 {[%clk 00:10:09]} 4. g3 {[%clk
00:10:16]} {[%emt 00:00:06]} dxc4 {[%clk 00:10:12]} 5. Bg2 {[%clk 00:10:19]}
{[%emt 00:00:04]} a6 {[%clk 00:10:16]} 6. O-O {[%clk 00:10:21]} {[%emt
00:00:03]} Nc6 {[%clk 00:10:19]} 7. Qd2 {[%clk 00:10:25]} {[%emt 00:00:04]} Bb4
{[%clk 00:09:09]} 8. Qc2 {[%clk 00:09:48]} {[%emt 00:01:56]} Qd5 {[%emt
00:03:32]} 9. Nc3 {[%clk 00:07:35]} {[%emt 00:00:36]} Bxc3 {[%clk 00:06:56]} 10.
bxc3 {[%clk 00:07:39]} {[%emt 00:00:34]} Qf5 {[%clk 00:05:22]} {[%emt
00:02:42]} 11. Qa4 {[%clk 00:05:23]} Qb5 12. Qc2 {[%clk 00:05:24]} {[%emt
00:00:08]} Qf5 {[%clk 00:05:22]} {[%emt 00:00:57]} 13. Qa4 {[%clk 00:05:23]}
Qb5 {[%clk 00:05:22]} 14. Qc2 {[%clk 00:05:23]} {[%emt 00:00:23]} e5 {[%emt
00:01:30]} 15. Rb1 {[%clk 00:04:50]} {[%emt 00:00:23]} Qa5 16. Nxe5 Nxe5 {[%clk
00:04:13]} {[%emt 00:00:01]} 17. dxe5 {[%clk 00:04:54]} {[%emt 00:00:02]} Qxe5
{[%clk 00:04:16]} {[%emt 00:00:01]} 18. Bf4 {[%clk 00:04:34]} {[%emt 00:00:31]}
Qc5 19. Bxb7 Rb8 {[%emt 00:01:14]} 20. Be3 {[%clk 00:03:16]} {[%emt 00:00:16]}
Qd6 {[%emt 00:00:39]} 21. Rfd1 {[%emt 00:00:43]} Qe6 {[%emt 00:00:49]} 22. Bxc8
{[%clk 00:02:28]} {[%emt 00:00:07]} Rxc8 {[%clk 00:00:54]} {[%emt 00:00:03]} 23.
Bc5 {[%emt 00:00:09]} Nd7 {[%clk 00:00:46]} {[%emt 00:00:06]} 24. Qa4 {[%clk
00:02:29]} {[%emt 00:00:08]} c6 {[%clk 00:00:44]} {[%emt 00:00:06]} 25. Ba3
{[%clk 00:02:30]} {[%emt 00:00:04]} Nf6 {[%clk 00:00:26]} 26. Rb7 {[%clk
00:02:04]} {[%emt 00:00:54]} Nd5 {[%emt 00:00:06]} 27. Qxc4 {[%clk 00:02:05]}
{[%emt 00:00:03]} Nc7 {[%clk 00:00:09]} {[%emt 00:00:22]} 28. Qb4 {[%clk
00:01:40]} {[%emt 00:00:30]} a5 {[%clk 00:00:08]} {[%emt 00:00:06]} 29. Qc5
{[%clk 00:01:39]} {[%emt 00:00:06]} f6 {[%clk 00:00:07]} {[%emt 00:00:07]} 30.
Rd6 {[%clk 00:01:38]} {[%emt 00:00:06]} Qe7 {[%clk 00:00:07]} {[%emt 00:00:04]}
31. Qxc6+ {[%clk 00:01:42]} {[%emt 00:00:02]} Kf8 {[%emt 00:00:06]} 32. Rd8+
{[%clk 00:01:41]} {[%emt 00:00:03]} Rxd8 {[%clk 00:00:06]} {[%emt 00:00:07]} 33.
Bxe7+ {[%clk 00:01:45]} {[%emt 00:00:02]} 1-0